000
00342 a2200157 4500
001
188592
020
_a
978-85-89030-93-8
040
_c
Magnum
100
_a
Pétigny, Aline de
240
1
0
_a
Camila e seus amigos
_l
por
245
1
0
_a
Camila e seus amigos
300
_a
18
362
0
_a
2006
697
_a
LITERATURA INFANTIL
942
_c
BK
999
_c
188592
_d
188592